000 00595cam a2200193 4500500
005 20260405003932.0
041 _afre
042 _adc
100 1 0 _aLacroix, Alexandre
_eauthor
245 0 0 _aViolette Dorange-Roberto Casati : l’esprit du large
260 _c2025.
500 _a60
690 _aComplexité
690 _aNavigation
690 _aOcéan
690 _aVendée Globe
786 0 _nPhilosophie magazine | 191 | 7 | 2025-07-01 | p. 93-104 | 1951-1787
856 4 1 _uhttps://shs.cairn.info/magazine-philosophie-magazine-2025-7-page-93?lang=fr&redirect-ssocas=7080
999 _c2072254
_d2072254